Singular integral operators and related topics : joint German-Israeli workshop, tel aviv, March 1-10, 1995

Αποθηκεύτηκε σε:
Λεπτομέρειες βιβλιογραφικής εγγραφής
Συγγραφή απο Οργανισμό/Αρχή: Joint German-Israeli Workshop on Linear One-Dimensional Singular Integral Equations
Άλλοι συγγραφείς: Bottcher, Albrecht (Επιμελητής έκδοσης), Gohberg, I. (Israel), 1928-2009 (Επιμελητής έκδοσης)
Μορφή: Πρακτικό Συνεδρίου Βιβλίο
Γλώσσα:English
Δημοσίευση: Basel ; Boston : Birkhauser Verlag, c1996
Σειρά:Operator theory, advances and applications ; ; 90
Θέματα:
Ετικέτες: Προσθήκη ετικέτας
Δεν υπάρχουν, Καταχωρήστε ετικέτα πρώτοι!

MARC

LEADER 00000cam a2200000 i 4500
001 1/69149
008 990208s1996 eng d
020 |a 3-7643-5466-6 
035 |l 10047774 
040 |a GR-MY-UA  |b gre  |e aacr 
041 0 |a eng 
082 0 |a 515.723 
245 0 0 |a Singular integral operators and related topics :  |b joint German-Israeli workshop, tel aviv, March 1-10, 1995 /  |c edited by A. Bottcher, I. Gohberg 
260 |a Basel ; Boston :   |b Birkhauser Verlag,   |c c1996 
300 |a viii, 315 p.;  |b ill.;  |c 24 cm. 
490 1 |a Operator theory, advances and applications  |v ; 90 
500 |a Includes bibliography 
500 |a Proceedings of the Joint German-Israeli workshop on linear one-dimensional singular integral equations which was held at the Tel Aviv University 
650 0 0 |a Singular integrals  |x Congresses. 
700 0 |a Bottcher, Albrecht.  |4 edt 
700 1 |a Gohberg, I.   |q (Israel),   |d 1928-2009.  |4 edt 
711 2 |a Joint German-Israeli Workshop on Linear One-Dimensional Singular Integral Equations   |d (1995 :   |c Tel Aviv University) 
830 0 |a Operator theory, advances and applications ;  |v ; 90 
852 |a INST  |b SAMOS  |e 19990208  |h 515.723 SIN  |p 005300013496  |q 005300013496  |t BK  |y 0 
901 |a BIBL-1999-1 
909 |a Σ  |b 060639 
922 |a 3ΕΛΗ  |b 199901  |c ΕΠΕΑΕΚ/ΜΑΘ  |d LEADER